FIFA World Cup Hosts by Clue - Statistics

General Stats
  • This quiz has been taken 17,206 times
  • The average score is 13 of 19
Answer Stats
Hint Answer % Correct
Has won the most FIFA World Cups Brazil
99%
Is currently suspended from FIFA Russia
94%
The most populous country to host United States
93%
The first country to host Uruguay
91%
The most recent country to win as host France
87%
The first African country to host South Africa
79%
As host, became the first Asian country to reach the semifinals South Korea
79%
Handed Brazil the most lopsided defeat in its history Germany
76%
Maple the Moose will be its mascot Canada
75%
Hosted the northernmost match in World Cup history Sweden
73%
Hosted the easternmost match in World Cup history Japan
68%
The only landlocked host Switzerland
60%
The Three Tenors made their first performance when this country hosted in 1990 Italy
58%
Was ruled by a military junta when it hosted and won Argentina
55%
The only three time host Mexico
55%
Had a World Cup mascot named Naranjito (meaning: little orange) Spain
55%
The smallest and least populous host Qatar
53%
Suffered a 9.5 earthquake (the largest in history) just 2 years before hosting Chile
48%
The only host that is not by itself a member of the UN England
36%
No matching quizzes found
Score Distribution
Percent of People with Each Score
Percentile by Number Answered
Your Score History
You have not taken this quiz